Separtation processes : (Record no. 39301)

MARC details
000 -LEADER
fixed length control field 00883nam a22002297a 4500
005 - DATE AND TIME OF LATEST TRANSACTION
control field 20100804161944.0
010 ## - LCCN (DPL NO)
LC control number ENG-98176
020 ## - INTERNATIONAL STANDARD BOOK NUMBER
International Standard Book Number 9788184244991
Terms of availability 1500.00
035 ## - SYSTEM CONTROL NUMBER
System control number EN-81709
037 ## - SOURCE OF ACQUISITION
Source of stock number/acquisition DBAD/PUB
082 ## - DEWEY DECIMAL CLASSIFICATION NUMBER
Classification number 660.2842
245 ## - TITLE STATEMENT
Title Separtation processes :
Remainder of title emerging technologies for sustainable development /
Statement of responsibility, etc edited by P. K. Mishra, M. K. Mondal [and] P. Srivastava
260 ## - PUBLICATION, DISTRIBUTION, ETC. (IMPRINT)
Place of publication, distribution, etc New Delhi
Name of publisher, distributor, etc Allied Publishers
Date of publication, distribution, etc 2009
270 ## - ADDRESS
Address A-104 Mayapuri Phase II
City New Delhi
Postal code 110064
300 ## - PHYSICAL DESCRIPTION
Extent xvi,532p.
Dimensions 24cm (Hb)
500 ## - GENERAL NOTE
General note Includes index
700 ## - ADDED ENTRY--PERSONAL NAME
Personal name Mishra, P. K.
9 (RLIN) 6309
700 ## - ADDED ENTRY--PERSONAL NAME
Personal name Mondal, M. K.
9 (RLIN) 6310
700 ## - ADDED ENTRY--PERSONAL NAME
Personal name Srivastava, P.
9 (RLIN) 6311
942 ## - ADDED ENTRY ELEMENTS (KOHA)
Source of classification or shelving scheme Dewey Decimal Classification
Item type English Books
Classification part 660.2842
Call number suffix SEP
Holdings
Withdrawn status Lost status Not for loan Collection code Home library Current library Date acquired Source of acquisition Cost, normal purchase price Full call number Barcode Copy number Cost, replacement price Koha item type
    Not For Loan Non-fiction D.B.Act.Division D.B.Act.Division 04/08/2010 DBAD/PUB 1500.00 660.2842 SEP EN-81709 1 1500.00 English Books

© Delhi Public Library
Hit Counter
free hit counter